00717nam a2200229Ia 4500003000400000005001700004008004100021020001500062040000700077041000800084082002100092100002100113245003600134260003600170365001200206650003800218650002300256906003800279942001200317999001900329952013900348OSt20230505153439.0210423s2001 xx 000 0 und d a8171990487 cAL aeng a361.3 223bSINS aSINGH (K)999063 aSocial work theory and practice aLucknowbPrakashan Kendrac2001 b42cINR aSocial Problems & Services999064 aSocial Work999065 apractice ; Social ; theory ; work 2ddccBK c171407d171407 001040708MSWaSACPGbSACPGd2010-01-13eBook Worldg42.00l1o361.3 SINSpPG017917r2022-08-24 00:00:00s2022-01-11w2021-04-26yBK